Оценка профессиональных компетенций педагогических работников: теоретические аспекты; Научный альманах; № 3-1 (17)

Bibliographic Details
Parent link:Научный альманах.— , 2014-
№ 3-1 (17).— 2016.— [С. 341-344]
Main Author: Шелистов Д. А. Денис Александрович
Corporate Author: Национальный исследовательский Томский политехнический университет Институт социально-гуманитарных технологий Кафедра менеджмента
Other Authors: Хомушкина Ю. А. Юлия Андреевна, Древаль А. Н. Анатолий Николаевич
Summary:Заглавие с экрана
Режим доступа: по договору с организацией-держателем ресурса
Language:Russian
Published: 2016
Subjects:
Online Access:http://dx.doi.org/10.17117/na.2016.03.01.341
http://elibrary.ru/item.asp?id=25965200
Format: Electronic Book Chapter
KOHA link:https://koha.lib.tpu.ru/cgi-bin/koha/opac-detail.pl?biblionumber=649911

MARC

LEADER 00000naa0a2200000 4500
001 649911
005 20250310111810.0
035 |a (RuTPU)RU\TPU\network\15081 
090 |a 649911 
100 |a 20160831d2016 k||y0rusy50 ca 
101 0 |a rus 
102 |a RU 
135 |a drcn ---uucaa 
181 0 |a i  
182 0 |a b 
200 1 |a Оценка профессиональных компетенций педагогических работников: теоретические аспекты  |d Evaluation of professional competences of teachers: theoretical aspects  |f Д. А. Шелистов, Ю. А. Хомушкина, А. Н. Древаль 
203 |a Текст  |c электронный 
300 |a Заглавие с экрана 
333 |a Режим доступа: по договору с организацией-держателем ресурса 
461 |t Научный альманах  |d 2014- 
463 |t № 3-1 (17)  |v [С. 341-344]  |d 2016 
510 1 |a Evaluation of professional competences of teachers: theoretical aspects  |z eng 
610 1 |a электронный ресурс 
610 1 |a труды учёных ТПУ 
610 1 |a оценка 
610 1 |a профессиональные компетенции 
610 1 |a методы 
610 1 |a этапы 
700 1 |a Шелистов  |b Д. А.  |g Денис Александрович 
701 1 |a Хомушкина  |b Ю. А.  |g Юлия Андреевна 
701 1 |a Древаль  |b А. Н.  |c специалист в области менеджмента  |c доцент Томского политехнического университета, кандидат технических наук  |f 1951-  |g Анатолий Николаевич  |3 (RuTPU)RU\TPU\pers\29376  |9 13958 
712 0 2 |a Национальный исследовательский Томский политехнический университет  |b Институт социально-гуманитарных технологий  |b Кафедра менеджмента  |3 (RuTPU)RU\TPU\col\18855  |9 27225 
801 2 |a RU  |b 63413507  |c 20160831  |g RCR 
856 4 |u http://dx.doi.org/10.17117/na.2016.03.01.341 
856 4 |u http://elibrary.ru/item.asp?id=25965200 
942 |c CF